Youth and Memory in Europe : (Record no. 71277)

MARC details
000 -LEADER
fixed length control field 07767nam a22007575i 4500
005 - DATE AND TIME OF LATEST TRANSACTION
control field 20230718140417.0
006 - FIXED-LENGTH DATA ELEMENTS--ADDITIONAL MATERIAL CHARACTERISTICS
fixed length control field m|||||o||d||||||||
007 - PHYSICAL DESCRIPTION FIXED FIELD--GENERAL INFORMATION
fixed length control field cr || ||||||||
008 - FIXED-LENGTH DATA ELEMENTS--GENERAL INFORMATION
fixed length control field 221201t20222022gw fo d z eng d
020 ## - INTERNATIONAL STANDARD BOOK NUMBER
International Standard Book Number 9783110733501
040 ## - CATALOGING SOURCE
Original cataloging agency DE-B1597
Language of cataloging eng
Transcribing agency DE-B1597
Description conventions rda
041 0# - LANGUAGE CODE
Language code of text/sound track or separate title eng
082 04 - DEWEY DECIMAL CLASSIFICATION NUMBER
Classification number 940
245 00 - TITLE STATEMENT
Title Youth and Memory in Europe :
Remainder of title Defining the Past, Shaping the Future /
Statement of responsibility, etc. ed. by Félix Krawatzek, Nina Friess.
264 #1 - PRODUCTION, PUBLICATION, DISTRIBUTION, MANUFACTURE, AND COPYRIGHT NOTICE
Place of production, publication, distribution, manufacture Berlin ;
-- Boston :
Name of producer, publisher, distributor, manufacturer De Gruyter,
Date of production, publication, distribution, manufacture, or copyright notice [2022]
264 #4 - PRODUCTION, PUBLICATION, DISTRIBUTION, MANUFACTURE, AND COPYRIGHT NOTICE
Date of production, publication, distribution, manufacture, or copyright notice ©2022
300 ## - PHYSICAL DESCRIPTION
Extent 1 online resource (XV, 390 p.)
336 ## - CONTENT TYPE
Content type term text
Content type code txt
Source rdacontent
337 ## - MEDIA TYPE
Media type term computer
Media type code c
Source rdamedia
338 ## - CARRIER TYPE
Carrier type term online resource
Carrier type code cr
Source rdacarrier
347 ## - DIGITAL FILE CHARACTERISTICS
File type text file
Encoding format PDF
Source rda
490 0# - SERIES STATEMENT
Series statement Media and Cultural Memory / Medien und kulturelle Erinnerung ,
International Standard Serial Number 1613-8961 ;
Volume/sequential designation 34
505 00 - FORMATTED CONTENTS NOTE
Title Frontmatter --
-- Acknowledgements --
-- Contents --
-- List of Figures --
-- List of Tables --
-- Transmitting the Past to Young Minds --
-- Part I: Regional Perspectives --
-- A Former Soviet Republic? Historical Perspectives on Belarus --
-- Without Roots? The Historical Realm of Young Belarusians --
-- "Let's be Belarusians!" On the Reappropriation of Belarusian History in Popular Culture --
-- The "Wild Nineties": Youth Engagement, Memory and Continuities between Yeltsin's and Putin's Russia --
-- Russian Youth as Subject and Object of the 1990s "Memory War" --
-- "Dear Young Warriors": Memories of Sacrifice, Debt and Youth Militarisation in Yeltsin's Russia --
-- The Making of a Young Martyr: Discursive Legacies of the Turkish "Youth Myth" in the Afterlife of Deniz Gezmiş --
-- Youth au Féminin: Gendering Activist Memory in Turkey --
-- Official Narratives of the Civil War and the Franco Regime in the Twenty-first Century --
-- Anti-militaristic and Pacifist Values across Spanish Children's Literature --
-- Transmitting the Civil War across Generations: How Spanish Youth Acquire their Memories --
-- (Post)-Yugoslav Memory Travels: National and Transnational Dimensions --
-- "I am something that no longer exists ...": Yugonostalgia among Diaspora Youth --
-- The Yugoslav 1980s and Youth Portrayals in Post-Yugoslav Films and TV --
-- Part II: Thematic Perspectives --
-- Promoting Patriotism, Suppressing Dissent Views: The Making of Historical Narratives and National Identity in Russia and Poland --
-- Living Forms of Patriotism: Engaging Young Russians in Military History? --
-- Engaging Young Readers in History: Alternative Historical Narratives in Contemporary Russian Children's Literature --
-- Engaging the Reader − Revising Patriotism: Polish Children's and Crossover Literature in the Twenty-First Century --
-- Dealing with Contested Pasts from Northern Ireland to French Algeria: Transformative Strategies of Agonism in Action? --
-- The Dark Corners of European Colonial Memory in Films and Literature --
-- Fictionalisation of Slavery in Children's Books in France --
-- King Sebastian and Lost Paradise? Amnesia and Opposing Myths --
-- Beyond the Normative Understanding of Holocaust Memory: Between Cosmopolitan Memory and Local Reality --
-- Understanding Terrible Crimes: Youth Memory of the Holocaust in the Russian Federation --
-- "I am not comfortable with that": Commemorative Practices among Young Jewish People in France --
-- Notes on Contributors --
-- Index
506 0# - RESTRICTIONS ON ACCESS NOTE
Standardized terminology for access restriction unrestricted online access
Source of term star
520 ## - SUMMARY, ETC.
Summary, etc. This volume contends that young individuals across Europe relate to their country's history in complex and often ambivalent ways. It pays attention to how both formal education and broader culture communicate ideas about the past, and how young people respond to these ideas. The studies collected in this volume show that such ideas about the past are central to the formation of the group identities of nations, social movements, or religious groups. Young people express received historical narratives in new, potentially subversive, ways. As young people tend to be more mobile and ready to interrogate their own roots than later generations, they selectively privilege certain aspects of their identities and their identification with their family or nation while neglecting others. This collection aims to correct the popular misperception that young people are indifferent towards history and prove instead that historical narratives are constitutive to their individual identities and their sense of belonging to something broader than themselves.
530 ## - ADDITIONAL PHYSICAL FORM AVAILABLE NOTE
Additional physical form available note Issued also in print.
538 ## - SYSTEM DETAILS NOTE
System details note Mode of access: Internet via World Wide Web.
540 ## - TERMS GOVERNING USE AND REPRODUCTION NOTE
Terms governing use and reproduction This eBook is made available Open Access under a CC BY-NC-ND 4.0 license:
Uniform Resource Identifier <a href="https://creativecommons.org/licenses/by-nc-nd/4.0 ">https://creativecommons.org/licenses/by-nc-nd/4.0 </a>
-- <a href="https://www.degruyter.com/dg/page/open-access-policy">https://www.degruyter.com/dg/page/open-access-policy</a>
546 ## - LANGUAGE NOTE
Language note In English.
588 0# - SOURCE OF DESCRIPTION NOTE
Source of description note Description based on online resource; title from PDF title page (publisher's Web site, viewed 01. Dez 2022)
650 #7 - SUBJECT ADDED ENTRY--TOPICAL TERM
Topical term or geographic name entry element SOCIAL SCIENCE / General.
Source of heading or term bisacsh
653 ## - INDEX TERM--UNCONTROLLED
Uncontrolled term Cultural studies.
653 ## - INDEX TERM--UNCONTROLLED
Uncontrolled term memory studies.
653 ## - INDEX TERM--UNCONTROLLED
Uncontrolled term research methods.
653 ## - INDEX TERM--UNCONTROLLED
Uncontrolled term social sciences.
653 ## - INDEX TERM--UNCONTROLLED
Uncontrolled term youth.
700 1# - ADDED ENTRY--PERSONAL NAME
Personal name Connan-Pintado, Christiane,
Relator term contributor.
Relator code ctb
-- https://id.loc.gov/vocabulary/relators/ctb
700 1# - ADDED ENTRY--PERSONAL NAME
Personal name Drechselová, Lucie G.,
Relator term contributor.
Relator code ctb
-- https://id.loc.gov/vocabulary/relators/ctb
700 1# - ADDED ENTRY--PERSONAL NAME
Personal name Edwards, Allyson,
Relator term contributor.
Relator code ctb
-- https://id.loc.gov/vocabulary/relators/ctb
700 1# - ADDED ENTRY--PERSONAL NAME
Personal name Erbil, Duygu,
Relator term contributor.
Relator code ctb
-- https://id.loc.gov/vocabulary/relators/ctb
700 1# - ADDED ENTRY--PERSONAL NAME
Personal name Friess, Nina,
Relator term contributor.
Relator code ctb
-- https://id.loc.gov/vocabulary/relators/ctb
700 1# - ADDED ENTRY--PERSONAL NAME
Personal name Friess, Nina,
Relator term editor.
Relator code edt
-- http://id.loc.gov/vocabulary/relators/edt
700 1# - ADDED ENTRY--PERSONAL NAME
Personal name García Carcedo, Pilar,
Relator term contributor.
Relator code ctb
-- https://id.loc.gov/vocabulary/relators/ctb
700 1# - ADDED ENTRY--PERSONAL NAME
Personal name Hennebert, Solveig,
Relator term contributor.
Relator code ctb
-- https://id.loc.gov/vocabulary/relators/ctb
700 1# - ADDED ENTRY--PERSONAL NAME
Personal name Krawatzek, Félix,
Relator term contributor.
Relator code ctb
-- https://id.loc.gov/vocabulary/relators/ctb
700 1# - ADDED ENTRY--PERSONAL NAME
Personal name Krawatzek, Félix,
Relator term editor.
Relator code edt
-- http://id.loc.gov/vocabulary/relators/edt
700 1# - ADDED ENTRY--PERSONAL NAME
Personal name McGlynn, Jade,
Relator term contributor.
Relator code ctb
-- https://id.loc.gov/vocabulary/relators/ctb
700 1# - ADDED ENTRY--PERSONAL NAME
Personal name Milivojevic, Mirko,
Relator term contributor.
Relator code ctb
-- https://id.loc.gov/vocabulary/relators/ctb
700 1# - ADDED ENTRY--PERSONAL NAME
Personal name Milivojević, Mirko,
Relator term contributor.
Relator code ctb
-- https://id.loc.gov/vocabulary/relators/ctb
700 1# - ADDED ENTRY--PERSONAL NAME
Personal name Morin, Paul Max,
Relator term contributor.
Relator code ctb
-- https://id.loc.gov/vocabulary/relators/ctb
700 1# - ADDED ENTRY--PERSONAL NAME
Personal name Müller-Suleymanova, Dilyara,
Relator term contributor.
Relator code ctb
-- https://id.loc.gov/vocabulary/relators/ctb
700 1# - ADDED ENTRY--PERSONAL NAME
Personal name O'Donohoe, M. Paula,
Relator term contributor.
Relator code ctb
-- https://id.loc.gov/vocabulary/relators/ctb
700 1# - ADDED ENTRY--PERSONAL NAME
Personal name Rabbia, Roberto,
Relator term contributor.
Relator code ctb
-- https://id.loc.gov/vocabulary/relators/ctb
700 1# - ADDED ENTRY--PERSONAL NAME
Personal name Regueiro Salgado, Begoña,
Relator term contributor.
Relator code ctb
-- https://id.loc.gov/vocabulary/relators/ctb
700 1# - ADDED ENTRY--PERSONAL NAME
Personal name Reynolds, Chris,
Relator term contributor.
Relator code ctb
-- https://id.loc.gov/vocabulary/relators/ctb
700 1# - ADDED ENTRY--PERSONAL NAME
Personal name Richard, Thomas,
Relator term contributor.
Relator code ctb
-- https://id.loc.gov/vocabulary/relators/ctb
700 1# - ADDED ENTRY--PERSONAL NAME
Personal name Sawkins, Isabel,
Relator term contributor.
Relator code ctb
-- https://id.loc.gov/vocabulary/relators/ctb
700 1# - ADDED ENTRY--PERSONAL NAME
Personal name Thaidigsmann, Karoline,
Relator term contributor.
Relator code ctb
-- https://id.loc.gov/vocabulary/relators/ctb
700 1# - ADDED ENTRY--PERSONAL NAME
Personal name Weller, Nina,
Relator term contributor.
Relator code ctb
-- https://id.loc.gov/vocabulary/relators/ctb
776 0# - ADDITIONAL PHYSICAL FORM ENTRY
Qualifying information EPUB
International Standard Book Number 9783110733600
776 0# - ADDITIONAL PHYSICAL FORM ENTRY
Qualifying information print
International Standard Book Number 9783110738308
856 40 - ELECTRONIC LOCATION AND ACCESS
Uniform Resource Identifier <a href="https://doi.org/10.1515/9783110733501">https://doi.org/10.1515/9783110733501</a>
Public note Open Access
-- 0
856 40 - ELECTRONIC LOCATION AND ACCESS
Uniform Resource Identifier <a href="https://www.degruyter.com/isbn/9783110733501">https://www.degruyter.com/isbn/9783110733501</a>
Public note Open Access
-- 0
856 42 - ELECTRONIC LOCATION AND ACCESS
Materials specified Cover
Uniform Resource Identifier <a href="https://www.degruyter.com/document/cover/isbn/9783110733501/original">https://www.degruyter.com/document/cover/isbn/9783110733501/original</a>
942 ## - ADDED ENTRY ELEMENTS (KOHA)
Koha item type E-Book
Holdings
Withdrawn status Damaged status Not for loan Home library Current library Date acquired Total Checkouts Date last seen Price effective from Koha item type
      De Gruyter De Gruyter 12/29/2022   12/29/2022 12/29/2022 E-Book

University of Rizal System
Email us at univlibservices@urs.edu.ph

Visit our Website www.urs.edu.ph/library